| 000 | 01441nam a2200313 i 4500 | ||
|---|---|---|---|
| 001 | 768714001 | ||
| 003 | CO-MdFUSB | ||
| 005 | 20230517162350.0 | ||
| 007 | ta | ||
| 008 | 211005t1975 ck a|||| |||| 00| 0 spa d | ||
| 020 | _q[No incluye ISBN] | ||
| 040 |
_aCO-MdFUSB _bspa _cCO-MdFUSB _dCO-MdFUSBC _erda |
||
| 041 | _aspa | ||
| 082 |
_223 _a868.9937 _bSA275 |
||
| 100 |
_aSánchez Juliao, David, _eautor |
||
| 245 |
_aHistorias de raca mandaca _c/ David Sánchez Juliao ; fotografía: Egar ; caractuala: Vicky Roa |
||
| 264 | 0 |
_aColombia : _bPublicaciones de la Rosca, _c1975 |
|
| 300 |
_a95 páginas _b: ilustraciones a blanco y negro _c; 23 cm |
||
| 336 |
_2rdacontent _atexto _btxt |
||
| 337 |
_2rdamedia _asin mediación _bn |
||
| 338 |
_2rdacarrier _avolumen _bnc |
||
| 505 | _aDedicatoria. -- Unas líneas de "autor". -- Nosotros los de Chuchurubí. -- Arroyon. -- El quemado de corinto. | ||
| 520 | _a"Estas historias son reales y este libro pretende ser ante todo un testimonio de alguien que las vivió muy de cerca, que siguió su desarrollo paso a paso y que sigue siendo solidario con las aspiraciones de sus personajes. Este libro es, en suma, la pequeña contribución a un pueblo humillado y manos arriba, de un escritor que aspira a servirle y a identificarse con él." | ||
| 563 | _aRústico | ||
| 650 | 7 |
_2embne _92518 _aLiteratura colombiana |
|
| 650 | 7 |
_2embne _92121 _aViolencia |
|
| 942 | _cBK | ||
| 945 | _aJTF-925 | ||
| 999 |
_c66915 _d66915 |
||